| 000 | 00458cam a22001337a 4500 | ||
|---|---|---|---|
| 008 | 180718b1987 xxu||||| |||| 00| 0 eng d | ||
| 082 | _aAPPPA 86-87 GHO | ||
| 100 | _aGhosh, Pratima | ||
| 245 |
_aJute economy of Indian with special reference to the role of jute corporation of India _cby Pratima Ghosh |
||
| 260 |
_aNew Delhi _bIndian Institute of Public Administration _c1987 |
||
| 300 | _a150p. | ||
| 650 | _aJute corporation-India | ||
| 650 | _aJute economy | ||
| 999 |
_c501429 _d501429 |
||